000 00385nam a22001577a 4500
003 SGT
020 _a978-9389211436
082 _a616.01
_bM20A
100 _aAnanthanarayan, Paniker's
245 _aTextbook of Microbiology
250 _a11TH
260 _aNEW DELHI
_bUNIVERSITIES PRESS, Orient Blackswan
_c2020
300 _a1-660
650 _aMicrobiology
942 _2ddc
_cBK
_02
999 _c20894
_d20894